Hōsō rokuon tēpu ni yoru Ryūkyū, Shuri hōgen : Hattori Shirō Hakushi ihin /

Disimpan dalam:
Butiran Bibliografi
Pengarang-pengarang Lain: Hattori, Shirō, 1908-, Izuyama, Atsuko.
Format: Buku
Bahasa:Japanese
Diterbitkan: T̄ōkyō : Tōkyō Gaikokugo Daigaku Ajia Afurika Gengo Bunka Kenkyūjo, 2006.
Subjek-subjek:
Penanda-penanda: Tambah Penanda
Tiada Penanda, Jadilah orang pertama menanda rekod ini!
LEADER 01327nam a22003374a 4500
001 010239644-2
005 20071204153147.0
008 070706s2006 ja a b 000 0 jpn
010 |a  2007555058 
020 |a 4872979443 
020 |a 9784872979442 
035 0 |a ocn162119584 
040 |a DLC-R  |c DLC  |d HMY 
043 |a a-ja--- 
050 0 0 |a PL693.R9  |b H676 2006 
245 0 0 |6 880-01  |a Hōsō rokuon tēpu ni yoru Ryūkyū, Shuri hōgen :  |b Hattori Shirō Hakushi ihin /  |c Izuyama Atsuko hen. 
246 3 0 |6 880-02  |a Ryūkyū, Shuri hōgen 
260 |6 880-03  |a T̄ōkyō :  |b Tōkyō Gaikokugo Daigaku Ajia Afurika Gengo Bunka Kenkyūjo,  |c 2006. 
300 |a 91 p. :  |b ill. ;  |c 26 cm. +  |e 1 CD-ROM (4 3/4 in.) 
504 |a Includes bibliographical references. 
650 0 |a Ryukyuan language  |x Dialects  |z Japan  |z Naha-shi. 
700 1 |6 880-04  |a Hattori, Shirō,  |d 1908- 
700 1 |6 880-05  |a Izuyama, Atsuko. 
880 0 0 |6 245-01  |a 放送錄音テープによる琉球・首里方言 :  |b 服部四郎博士遺品 /  |c 伊豆山敦子編. 
880 3 0 |6 246-02  |a 琉球・首里方言 
880 |6 260-03  |a 東京 :  |b 東京外国語大学アジア・アフリカ言語文化研究所,  |c 2006. 
880 1 |6 700-04  |a 服部四郎,  |d 1908- 
880 1 |6 700-05  |a 伊豆山敦子. 
988 |a 20070809 
049 |a HMYJ  |o d 
906 |0 OCLC